Visualizzazione normale
Vista MARC
- Monastic and religious life.
di Topical Term
Records bibliografici associati: 2
001 - CONTROL NUMBER
- control field: 49
003 - CONTROL NUMBER IDENTIFIER
- control field: IT-RoPau
005 - DATE AND TIME OF LATEST TRANSACTION
- control field: 20121127172817.0
008 - FIXED-LENGTH DATA ELEMENTS
- fixed length control field: 121127|| aca||aabn | a|a d
040 ## - CATALOGING SOURCE
- Original cataloging agency: IT-RoPau
- Transcribing agency: IT-RoPau
150 ## - HEADING--TOPICAL TERM
- Topical term or geographic name entry element: Monastic and religious life.
670 ## - SOURCE DATA FOUND
- Source citation: Work cat.: (IT-RoPau)2: Alberione, James, 1884-1971. 48, Call to total consecration /, 1974.